<?xml version="1.0" encoding="UTF-8"?>
<record
    xmlns:xsi="http://www.w3.org/2001/XMLSchema-instance"
    xsi:schemaLocation="http://www.loc.gov/MARC21/slim http://www.loc.gov/standards/marcxml/schema/MARC21slim.xsd"
    xmlns="http://www.loc.gov/MARC21/slim">

  <leader>04242njm a2200517Ia 4500</leader>
  <controlfield tag="001">40484</controlfield>
  <controlfield tag="003">IT-RoPAU</controlfield>
  <controlfield tag="005">20220918181128.0</controlfield>
  <controlfield tag="008">131025s9999    xx            000 0 und d</controlfield>
  <datafield tag="040" ind1=" " ind2=" ">
    <subfield code="a">IT-RoPAU</subfield>
  </datafield>
  <datafield tag="040" ind1=" " ind2=" ">
    <subfield code="c">IT-RoPAU</subfield>
  </datafield>
  <datafield tag="999" ind1=" " ind2=" ">
    <subfield code="c">100360</subfield>
    <subfield code="d">100360</subfield>
  </datafield>
  <datafield tag="999" ind1=" " ind2=" ">
    <subfield code="b">n.d.</subfield>
  </datafield>
  <datafield tag="100" ind1=" " ind2=" ">
    <subfield code="a">AA.VV.</subfield>
    <subfield code="9">794</subfield>
  </datafield>
  <datafield tag="100" ind1=" " ind2=" ">
    <subfield code="e">Autore musica</subfield>
    <subfield code="9">21901</subfield>
  </datafield>
  <datafield tag="100" ind1=" " ind2=" ">
    <subfield code="g">Codice autore musica SPICS: 12000</subfield>
    <subfield code="9">796</subfield>
  </datafield>
  <datafield tag="245" ind1=" " ind2=" ">
    <subfield code="a">Jazz. Gli uomini, gli strumenti, gli stili 78</subfield>
  </datafield>
  <datafield tag="250" ind1=" " ind2=" ">
    <subfield code="a">2a ed.</subfield>
  </datafield>
  <datafield tag="260" ind1=" " ind2=" ">
    <subfield code="a">MILANO</subfield>
  </datafield>
  <datafield tag="260" ind1=" " ind2=" ">
    <subfield code="b">FRATELLI FABBRI EDITORI</subfield>
    <subfield code="c">1987 [1a Ed.:]</subfield>
  </datafield>
  <datafield tag="300" ind1=" " ind2=" ">
    <subfield code="a">MUSICASSETTA</subfield>
  </datafield>
  <datafield tag="300" ind1=" " ind2=" ">
    <subfield code="c">48 minuti (Testo:  pag.)</subfield>
  </datafield>
  <datafield tag="500" ind1=" " ind2=" ">
    <subfield code="a">Musica jazz.</subfield>
  </datafield>
  <datafield tag="505" ind1=" " ind2=" ">
    <subfield code="a">Seven Come Eleven [(New York, 22.11.1939) (3:00)] - All Stars Strut [(New York, 7.2.1940) (4:00)] - Till Tom Special [(New York, 7.2.1940) (3:00)] - Tea For Two [(Minneapolis, marzo 1940) (5:00)] - Boy Meets Goy [(Los Angeles, 16.4.1940) (3:00)] - Six Appeal [(Los Angeles, 16.4.1940) (4:00)] - Wholly Cats [(New York, 7.11.1940) (4:00)] - Blues in B [(New York, 4.3.1941) (2:00)] - Solo Flight [(New York, 4.3.1941) (3:00)] - Waitin' For Benny [(New York, 13.3.1941) (6:00)] - Stompin' At the Savoy [(New York, maggio 1941) (9:00)] - Swing To Bop (New York, maggio 1941) (3:00)]</subfield>
  </datafield>
  <datafield tag="511" ind1=" " ind2=" ">
    <subfield code="a">Goodman Benny: cl; Hampton Lionel: vib; Henderson Fletcher: p; Christian Charlie: chit; Bernstein Artie: cb; Fatool Nick: batt; Benny Goodman Sextet</subfield>
  </datafield>
  <datafield tag="511" ind1=" " ind2=" ">
    <subfield code="a">James Harry: tr; Teagarden Jack: tbne; Goodman Benny: cl; Carter Benny: alto; Miller Eddie: ten; Stacy Jess: p; Christian Charlie: chit; Haggart Bob: cb; Krupa Gene: batt; Metronome All Stars Nine</subfield>
  </datafield>
  <datafield tag="511" ind1=" " ind2=" ">
    <subfield code="a">Goodman Benny: cl; Hampton Lionel: vib; Basie Count: p; Christian Charlie: chit; Bernstein Artie: cb; Fatool Nick: batt; Benny Goodman Sextet</subfield>
  </datafield>
  <datafield tag="511" ind1=" " ind2=" ">
    <subfield code="a">Jerome Jerry: ten; Hines Frankie: p; Christian Charlie: chit; basso e batteria sconosciuti; Charlie Christian Quintet</subfield>
  </datafield>
  <datafield tag="511" ind1=" " ind2=" ">
    <subfield code="a">Goodman Benny: cl; Hampton Lionel: vib; Guarnieri Johnny: p;   Christian Charlie: chit; Bernstein Artie: cb; Fatool Nick: batt; Benny Goodman Sextet</subfield>
  </datafield>
  <datafield tag="511" ind1=" " ind2=" ">
    <subfield code="a">Williams Cootie: tr; Auld George: ten; Goodman Benny: cl; Basie Count: p; Christian Charlie: chit; Bernstein Artie: cb; Jeager Harry: batt; Benny Goodman Sextet</subfield>
  </datafield>
  <datafield tag="511" ind1=" " ind2=" ">
    <subfield code="a">Williams Cootie: tr; Fila Alec: tr; Maxwell Jimmy: tr; McGarity Lou: tbne; Cutshall Cutty: tbne; Martin Skip: alto; Bivona Gus: alto; Auld George: ten; Mondello Pete: ten; Snyder Bob: bar; Goodman Benny: cl; Guarnieri Johnny: p; Christian Charlie: chit; Bernstein Artie: cb; Tough Dave: batt; Benny Goodman and His Orchestra</subfield>
  </datafield>
  <datafield tag="511" ind1=" " ind2=" ">
    <subfield code="a">Williams Cootie: tr; Auld George: ten; Johnny Guarnieri: p;  Christian Charlie: chit; Bernstein Artie: cb; Tough Dave: batt; Charlie Christian Jammers</subfield>
  </datafield>
  <datafield tag="511" ind1=" " ind2=" ">
    <subfield code="a">Guy Joe: tr; Monk Thelonious: p; Christian Charlie: chit; Finton Nick: cb; Clark Kenny: batt; Charlie Christian's Group</subfield>
  </datafield>
  <datafield tag="650" ind1=" " ind2=" ">
    <subfield code="a">JAZZ [CASSETTE]</subfield>
    <subfield code="e">Codice MATERIA SPICS: 9951</subfield>
    <subfield code="9">1831</subfield>
  </datafield>
  <datafield tag="700" ind1=" " ind2=" ">
    <subfield code="a">Christian Charlie</subfield>
    <subfield code="g">Codice interprete SPICS: 16213</subfield>
    <subfield code="e">Interprete</subfield>
    <subfield code="9">21902</subfield>
  </datafield>
  <datafield tag="700" ind1=" " ind2=" ">
    <subfield code="a">Goodman Benny</subfield>
    <subfield code="g">Codice autore musica SPICS: 10538</subfield>
    <subfield code="e">Autore musica</subfield>
    <subfield code="p">Seven Come Eleven - All Stars Strut - Till Tom Special - Boy Meets Goy - Six Appeal - Wholly Cats - Blues in B - Solo Flight - Waitin' For Benny - Stompin' At the Savoy</subfield>
    <subfield code="9">21903</subfield>
  </datafield>
  <datafield tag="700" ind1=" " ind2=" ">
    <subfield code="a">Christian Charlie</subfield>
    <subfield code="g">Codice autore SPICS: 16213</subfield>
    <subfield code="e">Autore</subfield>
    <subfield code="p">Seven Come Eleven - Solo Flight</subfield>
    <subfield code="9">21904</subfield>
  </datafield>
  <datafield tag="700" ind1=" " ind2=" ">
    <subfield code="a">Mengertroid</subfield>
    <subfield code="g">Codice autore musica SPICS: 21384</subfield>
    <subfield code="e">Autore musica</subfield>
    <subfield code="p">All Stars Strut</subfield>
    <subfield code="9">21905</subfield>
  </datafield>
  <datafield tag="700" ind1=" " ind2=" ">
    <subfield code="a">Hampton Lionel</subfield>
    <subfield code="g">Codice autore testo/musica SPICS: 10771</subfield>
    <subfield code="e">Autore testo/musica</subfield>
    <subfield code="p">All Stars Strut - Till Tom Special</subfield>
    <subfield code="9">21906</subfield>
  </datafield>
  <datafield tag="700" ind1=" " ind2=" ">
    <subfield code="a">Youmans Vincent</subfield>
    <subfield code="g">Codice autore musica SPICS: 16157</subfield>
    <subfield code="e">Autore musica</subfield>
    <subfield code="p">Tea For Two</subfield>
    <subfield code="9">21907</subfield>
  </datafield>
  <datafield tag="700" ind1=" " ind2=" ">
    <subfield code="a">Caesar Irving</subfield>
    <subfield code="g">Codice autore SPICS: 20298</subfield>
    <subfield code="e">Autore</subfield>
    <subfield code="p">Tea For Two</subfield>
    <subfield code="9">21908</subfield>
  </datafield>
  <datafield tag="700" ind1=" " ind2=" ">
    <subfield code="a">Mundy</subfield>
    <subfield code="g">Codice autore SPICS: 20407</subfield>
    <subfield code="e">Autore</subfield>
    <subfield code="p">Solo Flight</subfield>
    <subfield code="9">21909</subfield>
  </datafield>
  <datafield tag="700" ind1=" " ind2=" ">
    <subfield code="a">Webb Chick</subfield>
    <subfield code="g">Codice autore SPICS: 16212</subfield>
    <subfield code="e">Autore</subfield>
    <subfield code="p">Stompin' At the Savoy</subfield>
    <subfield code="9">21910</subfield>
  </datafield>
  <datafield tag="700" ind1=" " ind2=" ">
    <subfield code="a">Sampson Geoffrey</subfield>
    <subfield code="g">Codice autore testo/musica SPICS: 16703</subfield>
    <subfield code="e">Autore testo/musica</subfield>
    <subfield code="p">Stompin' At the Savoy</subfield>
    <subfield code="9">21911</subfield>
  </datafield>
  <datafield tag="700" ind1=" " ind2=" ">
    <subfield code="a">Anonimo</subfield>
    <subfield code="g">Codice autore musica SPICS: 2620</subfield>
    <subfield code="e">Autore musica</subfield>
    <subfield code="p">Swing To Bop</subfield>
    <subfield code="9">21912</subfield>
  </datafield>
  <datafield tag="942" ind1=" " ind2=" ">
    <subfield code="c">MC</subfield>
    <subfield code="2">ddc</subfield>
  </datafield>
  <datafield tag="952" ind1=" " ind2=" ">
    <subfield code="0">0</subfield>
    <subfield code="1">0</subfield>
    <subfield code="4">0</subfield>
    <subfield code="6">40484_000000000000000</subfield>
    <subfield code="7">1</subfield>
    <subfield code="a">SPICS</subfield>
    <subfield code="b">SPICS</subfield>
    <subfield code="d">2013-10-25</subfield>
    <subfield code="l">0</subfield>
    <subfield code="o">40484</subfield>
    <subfield code="r">2013-10-25 00:00:00</subfield>
    <subfield code="w">2013-10-25</subfield>
    <subfield code="y">MC</subfield>
    <subfield code="z">Progr. Ins.: 14281 / N.Vol.: 1 / Copie: 1 - Copia rara: n.d. / date import: 01.01.2014 - By Epidotti, Trombetti, Vaglietti</subfield>
  </datafield>
</record>
